| 000 | 00723nam a2200253Ia 4500 | ||
|---|---|---|---|
| 008 | 160803s9999 xx 000 0 und d | ||
| 020 | _a0 590120093 | ||
| 100 | _aSlater, Teddy | ||
| 245 | _a98, 99, 100, ready or not, here I come! / | ||
| 245 | _cby Teddy Slater ; illustrated by Gioia Fiammenghi ; math activities by Marilyn Burns. | ||
| 260 | _aNew York : | ||
| 260 | _bScholastic Inc. | ||
| 260 | _c1999 | ||
| 300 | _a1 volume (unpaged) : | ||
| 300 | _bcolor illustrations ; | ||
| 300 | _c23 cm. | ||
| 650 | _aCounting -- | ||
| 650 | _aHide-and-seek -- | ||
| 650 | _aMathematical recreations -- | ||
| 650 | _xFiction. | ||
| 650 | _xFiction. | ||
| 650 | _xJuvenile literature. | ||
| 700 | _a310 | ||
| 999 |
_c299209 _d299209 |
||